Logo quiz - ogólny #2 - Statystyki

Ogólne statystyki
  • Ten quiz został rozwiązany 41 razy
  • Średni wynik to 21 z 24
Statystyki odpowiedzi
Obrazkowy Hint Odpowiedź % Poprawnych
Social Media Tiktok
100%
Elektronika Apple
97%
Marka samochodowa Audi
97%
Quizy Jetpunk
97%
Sklep spożywczy Lewiatan
97%
Marka samochodowa Opel
97%
Napoje Pepsi
97%
Stacja paliw Shell
97%
Social Media YouTube
97%
Sklep elektroniczny Amazon
94%
Płatności Blik
94%
Stacja telewizyjna Cartoon Network
94%
Sklep budowlany Leroy Merlin
94%
Drogeria Rossmann
94%
Social Media Snapchat
94%
Telefonia komórkowa Plus
90%
Stacja radiowa RMF FM
90%
Odzież Vans
90%
Telefonia komórkowa T-Mobile
87%
Stacja telewizyjna TVN
84%
Sklep z elektroniką MediaMarkt
81%
Klub piłkarski Lech Poznań
74%
Bank PKO BP
71%
Gra komputerowa GeoGuessr
39%
Nie znaleziono quizów pasujących do podanych kryteriów
Rozkład punktacji
Procent ludzi z każdym wynikiem
Percentyl według liczby udzielonych odpowiedzi
Twoja historia wyników
Nie rozwiązałeś tego quizu